| 000 | 00524nam a22001817a 4500 | ||
|---|---|---|---|
| 003 | LK-CoMWRAF | ||
| 005 | 20231017225058.0 | ||
| 008 | 231017b2000 |||||||| |||| 00| 0 eng d | ||
| 020 | _a9559729705 | ||
| 040 |
_aLK-CoMWRAF _dLK-CoMWRAF _eLK-CoMWRAF |
||
| 041 | _aeng | ||
| 082 |
_a821 _bFON |
||
| 100 | _aFonseka, E. A. Gamini | ||
| 245 |
_aCompanion to poetry : _b(Based on the Sri Lanka GCE (O Level) Literature syllabus) |
||
| 260 |
_aBandarawela : _bE. A. Gamini fonseka, _c2000 |
||
| 300 | _a72p. : 24cm. | ||
| 942 | _cBK | ||
| 999 |
_c3917 _d3917 |
||